|
|
|
|
| LEADER |
00000naa2a2200000 4500 |
| 001 |
609676 |
| 005 |
20260325132320.0 |
| 035 |
|
|
|a (RuTPU)RU\TPU\conf\7171
|
| 035 |
|
|
|a RU\TPU\conf\7170
|
| 090 |
|
|
|a 609676
|
| 100 |
|
|
|a 20141125d2014 k y0rusy50 ca
|
| 101 |
0 |
|
|a rus
|
| 102 |
|
|
|a RU
|
| 135 |
|
|
|a drgn ---uucaa
|
| 181 |
|
0 |
|a i
|
| 182 |
|
0 |
|a b
|
| 200 |
1 |
|
|a Моделирование процесса обмена щелочных металлов и их изотопов в колонне для системы жидкость-жидкость
|f А. В. Тесленок, А. Э. Лемякин
|g науч. рук. Д. Г. Видяев
|
| 203 |
|
|
|a Текст
|c электронный
|
| 225 |
1 |
|
|a Селекция и глубокая очистка трудно разделяемых веществ физико-химическими методами
|
| 300 |
|
|
|a Заглавие с титульного экрана
|
| 320 |
|
|
|a [Библиогр.: с. 73-74 (3 назв.)]
|
| 337 |
|
|
|a Adobe Reader
|
| 463 |
|
0 |
|0 (RuTPU)RU\TPU\conf\6940
|t Изотопы: технологии, материалы и применение
|o материалы Международной научной конференции молодых ученых, аспирантов и студентов, г. Томск, 20-24 октября 2014 г.
|f Национальный исследовательский Томский политехнический университет (ТПУ)
|v [С. 72-74]
|d 2014
|
| 610 |
1 |
|
|a труды учёных ТПУ
|
| 610 |
1 |
|
|a электронный ресурс
|
| 610 |
1 |
|
|a моделирование процесса
|
| 610 |
1 |
|
|a обмен
|
| 610 |
1 |
|
|a щелочные металлы
|
| 610 |
1 |
|
|a изотопы
|
| 610 |
1 |
|
|a колонны
|
| 610 |
1 |
|
|a жидкость
|
| 700 |
|
1 |
|a Тесленок
|b А. В.
|
| 701 |
|
1 |
|a Лемякин
|b А. Э.
|
| 702 |
|
1 |
|a Видяев
|b Д. Г.
|c специалист в области технической физики
|c доцент Томского политехнического университета
|f 1973-
|g Дмитрий Геннадьевич
|4 727
|
| 712 |
0 |
2 |
|a Национальный исследовательский Томский политехнический университет
|c (2009- )
|9 26305
|
| 801 |
|
2 |
|a RU
|b 63413507
|c 20141124
|g RCR
|
| 801 |
|
2 |
|a RU
|b 63413507
|c 20220221
|g RCR
|
| 850 |
|
|
|a 63413507
|
| 856 |
4 |
|
|u http://earchive.tpu.ru/handle/11683/69735
|
| 856 |
4 |
|
|u http://www.lib.tpu.ru/fulltext/c/2014/C84/032.pdf
|
| 942 |
|
|
|c BK
|